Historia dla wszystkich #2 - Statystyki

Ogólne statystyki
  • Ten quiz został rozwiązany 109 razy
  • Średni wynik to 8 z 13
Statystyki odpowiedzi
Zagadnienie Odpowiedź % Poprawnych
Jak inaczej nazywa się "Czarną śmierć" Dżuma
92%
W którym mieście zabito arcyksięcia Franciszka Ferdynanda co było bezpośrednią przyczyną do rozpoczęcia I wojny Światowej Sarajewo
92%
w którym wieku nakręcono pierwszy film XIX
92%
Jak nazywał się słynny Hiszpański dyktator z XX wieku Francisco Franco
85%
Która bitwa doprowadziła do ostatecznego upadku Napoleona Bonaparte i pod Waterloo
85%
w którym Brytyjskim mieście w XIX wieku działał słynny Kuba Rozpruwacz Londyn
77%
Które państwo nie wchodziło w skład Jugosławii Albania
62%
Gdzie znajdowała się stolica RFN Bonn
62%
Który Król Polski został zabity we Francji Henryk Walezy
54%
W którym państwie powstało Judo Japonia
54%
Kto został pierwszym w historii Mistrzem Świata w Piłce Nożnej Urugwaj
54%
w którym wieku zbudowano pierwszy samolot XX
31%
które państwo jako jedyne na świecie posiada ciągle czynne (2023rok) kursujące w rozkładzie pociagi parowe Polska
8%
Nie znaleziono quizów pasujących do podanych kryteriów
Rozkład punktacji
Procent ludzi z każdym wynikiem
Percentyl według liczby udzielonych odpowiedzi
Twoja historia wyników
Nie rozwiązałeś tego quizu